Algunas notas acerca de la tracción de los ferrocarriles alemanes / (Record no. 181181)

MARC details
000 -LEADER
campo de control de longitud fija 00981nam a2200205 i 4500
001 - NÚMERO DE CONTROL
campo de control 181181
003 - IDENTIFICADOR DE NÚMERO DE CONTROL
campo de control ES-MaACL
005 - FECHA Y HORA DE LA ÚLTIMA TRANSACCIÓN
campo de control 20230906221307.0
008 - DATOS DE LONGITUD FIJA--INFORMACIÓN GENERAL
campo de control de longitud fija 121030s1913 sp |||| | spa d
100 1# - ENTRADA PRINCIPAL--NOMBRE DE PERSONA
Nombre de persona Muela Alarcón, José de la.
9 (RLIN) 151754
245 10 - MENCIÓN DEL TÍTULO
Título Algunas notas acerca de la tracción de los ferrocarriles alemanes /
Mención de responsabilidad, etc. por José de la Mulea Alarcón.
260 ## - PUBLICACIÓN, DISTRIBUCIÓN, ETC.
Lugar de publicación, distribución, etc. [Madrid :
Nombre del editor, distribuidor, etc. Junta para Ampliación de Estudios e Investigaciones Científicas,
Fecha de publicación, distribución, etc. 1913] (
Lugar de fabricación/manufactura Madrid :
Fabricante Imp. de Fortanet)
300 ## - DESCRIPCIÓN FÍSICA
Extensión P. [141]-259, [4] h. de lám. :
Otras características físicas il. ;
Dimensiones 24 cm.
490 1# - MENCIÓN DE SERIE
Mención de serie Anales de la Junta para Ampliación de Estudios e Investigaciones Científicas ;
Designación de volumen o secuencia t. 11, memoria 3
650 #4 - PUNTO DE ACCESO ADICIONAL DE MATERIA--TÉRMINO DE MATERIA
Término de materia o nombre geográfico como elemento de entrada Locomotoras.
9 (RLIN) 136444
710 2# - ENTRADA AGREGADA--NOMBRE DE ENTIDAD CORPORATIVA
Nombre de entidad corporativa o nombre de jurisdicción como elemento de entrada Junta para la Ampliación de Estudios e Investigaciones Científicas.
9 (RLIN) 5413
830 0# - PUNTO DE ACCESO ADICIONAL DE SERIE-TÍTULO UNIFORME
Título uniforme Anales de la Junta para Ampliación de Estudios e Investigaciones Científicas ;
Designación de volumen o secuencia t. 11, memoria 3
9 (RLIN) 186710
852 ## - LOCALIZACIÓN
Ubicación ES-MaACL
Número de control de estantería B-13167(3)
Holdings
Estatus retirado Estado de pérdida Estado de daño No para préstamo Biblioteca de origen Biblioteca actual Ubicación en estantería Fecha de adquisición Fuente de adquisición Total de préstamos Signatura topográfica completa Código de barras Visto por última vez Precio de reemplazo Tipo de ítem Koha
        Biblioteca del Ateneo de Madrid Biblioteca del Ateneo de Madrid Sala Pardo Bazán 30/10/2012     B-13167(3) 1190397 23/02/2023 23/02/2023 Libro impreso